| 000 | 01926nam a22004217a 4500 | ||
|---|---|---|---|
| 003 | CHAP | ||
| 005 | 20220329140948.0 | ||
| 008 | 971013s1996 r 00010 d | ||
| 010 | _a60514 | ||
| 011 | _a61486 | ||
| 035 | _a65652 | ||
| 040 | _cCHAP | ||
| 082 |
_a338.972 I59 1995 _bQro. |
||
| 110 |
_aInstituto Nacional de Estadística, Geografía e Informática. México _959304 |
||
| 245 |
_aCuaderno estadístico municipal _b: Querétaro |
||
| 260 |
_aAguascalientes, Ags. : _bINEGI, _c1996 |
||
| 300 | _av. | ||
| 500 | _aLa biblioteca tiene : v.1 Ezequiel Montes.--v.2 Pedro Escobedo.--v.3 Pinal de Amoles | ||
| 590 |
_aBATCH-UPD _b10 _c20130110 _lUCH01 _h0138 |
||
| 590 |
_aBATCH-UPD _b10 _c20130110 _lUCH01 _h1105 |
||
| 590 |
_aBATCH-UPD _b10 _c20130409 _lUCH01 _h2136 |
||
| 590 |
_aBATCH-UPD _b10 _c20130410 _lUCH01 _h0657 |
||
| 590 |
_aBATCH-UPD _b10 _c20130913 _lUCH01 _h2044 |
||
| 590 |
_aCONVERSION _b10 _c20130109 _lUCH01 _h1332 |
||
| 650 | 1 | 4 |
_aAgricultura _xEstadísticas _zQuerétaro. _91464 |
| 650 | 1 | 4 |
_aGanadería _xEstadísticas _zQuerétaro. _944722 |
| 650 | 1 | 4 |
_aQuerétaro _xCondiciones económicas. _993193 |
| 650 | 1 | 4 |
_aQuerétaro _xCondiciones sociales. _993195 |
| 650 | 1 | 4 |
_aQuerétaro _xEstadísticas. _993198 |
| 901 | _aBK | ||
| 942 | _cLIBRO | ||
| 949 |
_a338.972 I59 1995 Qro. _bBC _cINEGI _d33724000655858 _eINEGI _fv.3 c.2 _gI. c/e _h90717 _i65652 _si _t28.00 |
||
| 949 |
_a338.972 I59 1995 Qro. _bBC _cINEGI _d33724000655866 _eINEGI _fv.3 _gI. c/e _h90716 _i65652 _si _t28.00 |
||
| 949 |
_a338.972 I59 1995 Qro. _bBC _cINEGI _d33724000655874 _eINEGI _fv.2 c.2 _gI. c/e _h90715 _i65652 _si _t28.00 |
||
| 949 |
_a338.972 I59 1995 Qro. _bBC _cINEGI _d33724000655882 _eINEGI _fv.2 _gI. c/e _h90714 _i65652 _si _t28.00 |
||
| 949 |
_a338.972 I59 1995 Qro. _bBC _cINEGI _d33724000655890 _eINEGI _fv.1 c.2 _gI. c/e _h90713 _i65652 _si _t28.00 |
||
| 949 |
_a338.972 I59 1995 Qro. _bBC _cINEGI _d33724000655908 _eINEGI _fv.1 _gI. c/e _h90712 _i65652 _si _t28.00 |
||
| 999 |
_c60514 _d60514 |
||